Zefektivnění výuky technických praktik v oboru ruční obrábění kovů : Dizertační práce /

Enregistré dans:
Détails bibliographiques
Auteur principal: Vlásek, Evžen (Auteur)
Format: Manuscrit Livre
Langue:tchèque
Publié: Banská Bystrica : Univerzita Mateja Bela v Banskej Bystrici, 1993
Sujets:
Tags: Ajouter un tag
Pas de tags, Soyez le premier à ajouter un tag!

MARC

LEADER 00000ntm a22000003a 4500
001 stu46365
005 20150617225710.3
008 980512s1993----cs------------------cze-d
040 |a STU  |b slo 
041 0 |a cze 
044 |a cs 
080 |a 621.9.041(043.3) 
100 1 |a Vlásek, Evžen  |4 aut 
245 1 |a Zefektivnění výuky technických praktik v oboru ruční obrábění kovů :  |b Dizertační práce /  |c [aut.]MGREvžen-Mgr. Vlásek 
260 |a Banská Bystrica :  |b Univerzita Mateja Bela v Banskej Bystrici,  |c 1993 
300 |a 98 s 
650 7 |a Obrábanie ručné  |2 stusub 
650 7 |a práce dizertačné  |2 stusub 
996 |b .  |c M* DzP-543  |l MMSKP  |s P  |a 0  |w stu46365_0002